000
00272nam a2200109Ia 4500
001
1272417
005
20260417151428.0
008
260417s9999 xx 000 0 und d
020
_a
9786255929822
245
0
_a
Squid Game Diyarı
_c
Min Byoung-chul
260
_b
Ketebe Genç
999
_c
1272417
_d
1272417